| 000 | 00418nam a22001817a 4500 | ||
|---|---|---|---|
| 003 | OSt | ||
| 008 | 250403b |||||||| |||| 00| 0 eng d | ||
| 020 | _a9789360530549 | ||
| 082 |
_a616.0019 _bBRH |
||
| 100 | _aBRANNON,Linda | ||
| 245 | _aHealth Psychology | ||
| 250 | _a10th Ed | ||
| 260 |
_aNew Delhi _bCengage _c2024 |
||
| 300 | _a574 | ||
| 700 | _aUPDEGRAFF,John A | ||
| 700 | _aFEIST,Jess | ||
| 942 |
_2ddc _cREF |
||
| 999 |
_c13247 _d13247 |
||